ARRUPE JESUIT UNIVERSITY

CORONAVIRUS -STOP THE SPREAD - CLEAN,DISINFECT,COVER

Eastern ways to the center (Record no. 12870)

MARC details
000 -LEADER
fixed length control field 00644nam a2200241Ia 4500
003 - CONTROL NUMBER IDENTIFIER
control field 0100
008 - FIXED-LENGTH DATA ELEMENTS--GENERAL INFORMATION
fixed length control field 130303s9999 xx 000 0 und d
020 ## - INTERNATIONAL STANDARD BOOK NUMBER
International Standard Book Number 534165427
040 ## - CATALOGING SOURCE
Transcribing agency ARRUPELIB
050 ## - LIBRARY OF CONGRESS CALL NUMBER
Classification number BL1032.C371992
300 ## - PHYSICAL DESCRIPTION
Other physical details 206p. 24cm.
100 ## - MAIN ENTRY--PERSONAL NAME
Personal name Carmody, Denise Lardner
245 ## - TITLE STATEMENT
Title Eastern ways to the center
245 ## - TITLE STATEMENT
Remainder of title an introduction to the religions of Asia
250 ## - EDITION STATEMENT
Edition statement 2nd
260 ## - PUBLICATION, DISTRIBUTION, ETC. (IMPRINT)
Place of publication, distribution, etc Belmont
260 ## - PUBLICATION, DISTRIBUTION, ETC. (IMPRINT)
Name of publisher, distributor, etc Wadsworth Pub. Co.
260 ## - PUBLICATION, DISTRIBUTION, ETC. (IMPRINT)
-- 1992
300 ## - PHYSICAL DESCRIPTION
Extent xi
440 ## - SERIES STATEMENT/ADDED ENTRY--TITLE
Title The Religious life of man series
700 ## - ADDED ENTRY--PERSONAL NAME
Personal name Denise Lardner Carmody and John Tully Carmody , Carmody, John
942 00 - ADDED ENTRY ELEMENTS (KOHA)
Koha issues (borrowed), all copies 2
Holdings
Withdrawn status Lost status Source of classification or shelving scheme Damaged status Not for loan Collection code Home library Current library Shelving location Date acquired Total Checkouts Full call number Barcode Date last seen Date checked out Copy number Price effective from Koha item type
    Library of Congress Classification     Main Collection ARRUPE LIBRARY ARRUPE LIBRARY   04/03/2013 4 BL1032.C371992 46003089881 23/11/2017 07/11/2017 1 04/03/2013 Monograph ( Printed materials)

 

Arrupe Library. PO Box MP320 Mt Pleasant, Harare, Zimbabwe
263 242 745411|librarian@aju.ac.zw